书目信息 |
| 题名: |
生命3.0
|
|
| 作者: | 泰格马克 著 ;汪婕舒 译 | |
| 分册: | ||
| 出版信息: | 杭州 浙江教育出版社 2018.06 |
|
| 页数: | XXI, 468页 | |
| 开本: | 22cm | |
| 丛书名: | 湛庐文化 | |
| 单 册: | ||
| 中图分类: | G303-49 | |
| 科图分类: | ||
| 主题词: | 未来学--wei lai xue--普及读物 | |
| 电子资源: | ||
| ISBN: | 978-7-5536-7278-6 | |
| 000 | 01402nam 2200301 450 | |
| 001 | 202019133808 | |
| 005 | 20190921113345.0 | |
| 010 | @a978-7-5536-7278-6@b精装@dCNY99.90 | |
| 100 | @a20190919d2018 em y0chiy50 ea | |
| 101 | 1 | @achi@ceng |
| 102 | @aCN@b330000 | |
| 105 | @aa z 000yy | |
| 106 | @ar | |
| 200 | 1 | @a生命3.0@Asheng ming 3.0@e人工智能时代 人类的进化与重生@f(美) 迈克斯·泰格马克著@d= Life 3.0@ebeing human in the age of artificial intelligence@fMax Tegmark@g汪婕舒译@zeng |
| 210 | @a杭州@c浙江教育出版社@d2018.06 | |
| 215 | @aXXI, 468页@c彩图@d22cm | |
| 225 | 2 | @a湛庐文化@Azhan lu wen hua@i财富汇 |
| 314 | @a迈克斯·泰格马克, 麻省理工学院物理系终身教授。 | |
| 330 | @a本书描绘了12个堪比《黑镜》的未来场景, 透析了人与智能机器的12种存在方式, 解锁了关于未来的“黑匣子”。智能机器究竟是在团灭人类的荣耀, 还是赋予人类更多意义? MIT物理系终身教授、未来生命研究所智库创始人迈克斯·泰格马克撰写的《生命3.0》。 | |
| 410 | 0 | @12001 @a湛庐文化@i财富汇 |
| 500 | 10 | @aLife 3.0 : being human in the age of artificial intelligence@mChinese |
| 517 | 1 | @a人工智能时代 人类的进化与重生@Aren gong zhi neng shi dai ren lei de jin hua yu chong sheng |
| 606 | 0 | @a未来学@Awei lai xue@j普及读物 |
| 690 | @aG303-49@v5 | |
| 701 | 1 | @a泰格马克@Atai ge ma ke@g(Tegmark, Max)@4著 |
| 702 | 0 | @a汪婕舒@Awang jie shu@4译 |
| 801 | 0 | @aCN@c20190905 |
| 905 | @a河南城建学院图书馆@dG303-49@eT082 | |
| 生命3.0:人工智能时代 人类的进化与重生/(美) 迈克斯·泰格马克著= Life 3.0:being human in the age of artificial intelligence/Max Tegmark/汪婕舒译.-杭州:浙江教育出版社,2018.06 |
| XXI, 468页:彩图;22cm.-(湛庐文化.财富汇) |
| ISBN 978-7-5536-7278-6(精装):CNY99.90 |
| 本书描绘了12个堪比《黑镜》的未来场景, 透析了人与智能机器的12种存在方式, 解锁了关于未来的“黑匣子”。智能机器究竟是在团灭人类的荣耀, 还是赋予人类更多意义? MIT物理系终身教授、未来生命研究所智库创始人迈克斯·泰格马克撰写的《生命3.0》。 |
| ● |
| 相关链接 |
|
|
|
正题名:生命3.0
索取号:G303-49/T082
 
预约/预借
| 序号 | 登录号 | 条形码 | 馆藏地/架位号 | 状态 | 备注 |
| 1 | 1441389 | 214413892 | 社科库409/409社科库 60排6列5层/ [索取号:G303-49/T082] | 在馆 | |
| 2 | 1441390 | 214413909 | 社科库409/409社科库 60排6列5层/ [索取号:G303-49/T082] | 在馆 | |
| 3 | 1441391 | 214413918 | 社科库409/409社科库 60排6列5层/ [索取号:G303-49/T082] | 在馆 |